[Event "ALG-chT"]
[Site "Oran"]
[Date "2017.09.21"]
[Round "6.2"]
[White "Bettine, Hakim"]
[Black "Bakouche, Mahmoud"]
[Result "1-0"]
[WhiteElo "1924"]
[BlackElo "1442"]
[PlyCount "51"]
[EventDate "2017.09.18"]
[EventType "team-swiss"]
[EventRounds "9"]
[EventCountry "ALG"]
[SourceTitle "CBM 180 Extra"]
[Source "ChessBase"]
[SourceDate "2017.10.06"]
[SourceVersion "1"]
[SourceVersionDate "2017.10.06"]
[SourceQuality "1"]
[WhiteTeam "USB"]
[BlackTeam "CEC"]
[WhiteTeamCountry "ALG"]
[BlackTeamCountry "ALG"]

1. d4 d5 2. c4 e6 3. Nf3 Nf6 4. Bg5 Nbd7 5. e3 c6 6. a3 Be7 7. Nc3 0-0 8. Bd3 dxc4 9. Bxc4 Nb6 10. Bd3 Nfd5 11. h4 h6 12. Ne5 Nxc3 13. bxc3 Bxg5 14. hxg5 Qxg5 15. Qf3 f5 16. Rh5 Qf6 17. g4 fxg4 18. Qg3 Qd8 19. Nxg4 Rf6 20. Nxh6+ Rxh6 21. Rxh6 Nd5 22. Qg6 Nf6 23. Kd2 Bd7 24. Rah1 Kf8 25. Rh8+ Ng8 26. Rxg8+ 1-0